|
|
|
|
| LEADER |
00000nam a2200000 a 4500 |
| 001 |
vtls001127104 |
| 003 |
SK-MaSNL |
| 005 |
20260301111646.0 |
| 008 |
250414s1991 CS 0 eng |
| 020 |
|
|
|a 8020003908
|
| 035 |
|
|
|a SNK000069953
|
| 040 |
|
|
|a SNK
|b slo
|c SNK
|e AACR2
|
| 041 |
0 |
|
|a eng
|
| 044 |
|
|
|a [CS]
|
| 080 |
|
|
|a 582.475.2:57.018
|2 1981
|
| 080 |
|
|
|a 57.018
|2 1981
|
| 100 |
1 |
|
|a Vyskot, Miroslav
|4 aut
|9 389119
|
| 245 |
1 |
0 |
|a Adult Silver Fir in Biomass
|c Miroslav Vyskot
|
| 250 |
|
|
|a 1. vyd.
|
| 260 |
|
|
|a Praha
|b Academia
|c 1991
|
| 300 |
|
|
|a 111, [1] s.
|e 20 obr. na príl.
|
| 490 |
0 |
|
|a Rozpravy Československé akademie věd : Řada matematických a přírodních věd
|
| 852 |
|
|
|a Slovenská národná knižnica
|
| 919 |
|
|
|a 80-200-0390-8
|
| 954 |
|
|
|a jedľa biela
|a biomasa
|
| 999 |
|
|
|c 707877
|d 709807
|
| 952 |
|
|
|t P60, <04>, [BOOK], {604}
|a SNK
|b SNK
|y NEVYP
|7 0
|p 17A0188861
|o snkIC 117555 D1
|0 0
|1 1
|4 0
|d 1999-04-12
|l 0
|r 2004-12-31 00:00:00
|w 2026-02-23
|